00792cam a22002177a 4500003000500000005001700005008004100022010001000063011001000073035001000083040000900093100003700102245016000139260004100299300002200340502010300362650001500465650004100480650002900521650002400550CHAP20220817043423.0980313d1997 mx r 00110 spa d a74929 a75901 a85474 cCHAP00aHernández García, Bartolo B.10aSelección familial en plantas de Eucalyptus camaldulensis Dehnh., evaluados bajo condiciones de salinidad en viveroc/por Bartolo B. Hernández García aChapingo, Méx. :bEl autor,c1997. a69 h. :bgráfs. aTesis (Ing. Forestal con Orientación en Silvicultura) -- UACH. División de Ciencias Forestales14aEucalipto.14aPlantasxResistencia a la salinidad.14aVariación (Biología)14aViveros forestales.